Pylon /

Guardado en:
Autor Principal: Faulkner, William
Formato: Libro
Publicado: Barcelona : Luis De Caralt, 1962
Materias:
Etiquetas: Agregar Etiqueta
Sin Etiquetas, Sea el primero en etiquetar este registro!
LEADER 00460nam a22001815a 4500
001 CEM.cems002380
005 20060217000000.0
008 130507s1962##################000#0#####d
003 CEMS
082 0 4 |a 813.5 
100 1 |a Faulkner, William 
245 1 0 |a Pylon / 
260 |a Barcelona :  |b Luis De Caralt,  |c 1962 
300 |a 207 p. 
653 |a Literatura 
653 |a Novela eeuu 
653 |a Novelas 
859 |a CEMS  |b BIB. CEMS - 11 de abril  |h 813.5  |i F273  |p 15490.89  |t Ej.1